<?xml version="1.0" encoding="UTF-8"?>
<collection xmlns="http://www.loc.gov/MARC21/slim">
 <record>
  <leader>00420pamaa2200145   4500</leader>
  <controlfield tag="001">0000029731</controlfield>
  <controlfield tag="005">20060706090000.0</controlfield>
  <datafield tag="020" ind1="0" ind2="0">
   <subfield code="a">0790610310 </subfield>
  </datafield>
  <datafield tag="082" ind1=" " ind2=" ">
   <subfield code="a">621.46 EVA</subfield>
  </datafield>
  <datafield tag="090" ind1="0" ind2="0">
   <subfield code="a">TK325 </subfield>
   <subfield code="b">EVA 1992</subfield>
  </datafield>
  <datafield tag="100" ind1="1" ind2="0">
   <subfield code="a">EVANS </subfield>
  </datafield>
  <datafield tag="245" ind1="1" ind2="0">
   <subfield code="a">VOM and DVM multitesters : </subfield>
   <subfield code="b">for the hobbyist and technician  </subfield>
   <subfield code="c">Alvis J. Evans.</subfield>
  </datafield>
  <datafield tag="260" ind1="0" ind2="0">
   <subfield code="a">Indianapolis: </subfield>
   <subfield code="b">Prompt Pub., </subfield>
   <subfield code="c">1992.</subfield>
  </datafield>
  <datafield tag="300" ind1=" " ind2=" ">
   <subfield code="a">various pages; </subfield>
   <subfield code="c">24cm.</subfield>
  </datafield>
  <datafield tag="650" ind1="0" ind2="0">
   <subfield code="a">Electric -- </subfield>
   <subfield code="x">Multitester </subfield>
  </datafield>
 </record>
</collection>
